000 00588nam a2200217Ia 4500
008 260312s9999 xx 000 0 und d
020 _a9567059705
082 _a378.1 C961s 2006 HNA
100 _aEditorial Universidad de Talca
245 0 _aUn cuarto de siglo.
260 _aEditorial Universidad de Talca
260 _bTalca, Chile
260 _c2006
300 _a140p.
500 _aColección Humberto Nogueira Alcalá
650 _aChile
_9121
650 _aHistoria
_9347
650 _aUniversidad deTalca
_935298
650 _aUniversidades
_990
942 _2ddc
_cLIBRO
999 _c20118
_d20118